[Event "DEM U14 2017"]
[Site "Willingen GER"]
[Date "2017.06.07"]
[Round "6"]
[White "Stork, Oliver"]
[Black "Suvorov, Alexander"]
[Result "0-1"]
[Termination "normal"]
[Board "6"]
[WhiteElo "2012"]
[BlackElo "2196"]
[WhiteClock "00:01:00"]
[BlackClock "00:03:19"]
[PlyCount "74"]
[WhiteFideId "12955728"]
[BlackFideId "12977063"]
[EventCountry "GER"]
[EventRounds "9"]
[EventType "swiss"]
[EventDate "2017.06.03"]

1. c4 {[%clk 1:30:58]} 1... e5 {[%clk 1:30:55]} 2. g3 {[%clk 1:31:21]} 2... Nc6
{[%clk 1:31:14]} 3. Bg2 {[%clk 1:31:44]} 3... Bc5 {[%clk 1:31:36]} 4. Nc3 {
[%clk 1:32:05]} 4... a6 {[%clk 1:32:00]} 5. e3 {[%clk 1:32:19]} 5... d6 { [%clk
1:32:23]} 6. Nge2 {[%clk 1:32:40]} 6... Ba7 {[%clk 1:32:37]} 7. b3 { [%clk
1:31:00]} 7... Nge7 {[%clk 1:32:18]} 8. Bb2 {[%clk 1:28:46]} 8... O-O { [%clk
1:30:47]} 9. O-O {[%clk 1:28:54]} 9... Be6 {[%clk 1:26:54]} 10. d4 { [%clk
1:22:30]} 10... exd4 {[%clk 1:14:40]} 11. exd4 {[%clk 1:22:19]} 11... Bd7
{[%clk 1:11:34]} 12. Qd2 {[%clk 1:13:24]} 12... Qc8 {[%clk 1:06:15]} 13. Rfe1 {
[%clk 1:04:32]} 13... Ng6 {[%clk 0:58:08]} 14. a3 {[%clk 0:59:42]} 14... Nce7 {
[%clk 0:39:18]} 15. b4 {[%clk 0:44:33]} 15... c6 {[%clk 0:34:47]} 16. Nf4 {
[%clk 0:35:36]} 16... Nxf4 {[%clk 0:28:39]} 17. Qxf4 {[%clk 0:35:58]} 17... Ng6
{[%clk 0:29:02]} 18. Qd2 {[%clk 0:34:33]} 18... Be6 {[%clk 0:17:45]} 19. Qd3 {
[%clk 0:22:51]} 19... Bf5 {[%clk 0:16:31]} 20. Be4 {[%clk 0:22:25]} 20... Bxe4
{[%clk 0:16:43]} 21. Nxe4 {[%clk 0:22:47]} 21... Qd7 {[%clk 0:14:50]} 22. d5 {
[%clk 0:20:41]} 22... Rad8 {[%clk 0:14:10]} 23. Rad1 {[%clk 0:19:25]} 23... Qg4
{[%clk 0:12:10]} 24. Qe2 {[%clk 0:12:44]} 24... Qc8 {[%clk 0:02:37]} 25. Qd3 {
[%clk 0:06:37]} 25... cxd5 {[%clk 0:02:19]} 26. cxd5 {[%clk 0:05:42]} 26... Qg4
{[%clk 0:02:07]} 27. Qc3 {[%clk 0:02:24]} 27... Ne5 28. Kg2 {[%clk 0:01:03]}
28... Rc8 {[%clk 0:01:17]} 29. Qd2 {[%clk 0:00:51]} 29... Nc4 {[%clk 0:01:31]}
30. Qe2 {[%clk 0:00:47]} 30... Qg6 {[%clk 0:01:47]} 31. Rc1 {[%clk 0:00:42]}
31... b5 {[%clk 0:02:00]} 32. a4 {[%clk 0:00:44]} 32... f5 {[%clk 0:02:09]} 33.
Nc3 {[%clk 0:00:44]} 33... f4 {[%clk 0:02:34]} 34. f3 {[%clk 0:00:40]} 34...
fxg3 {[%clk 0:02:25]} 35. hxg3 {[%clk 0:01:00]} 35... Ne3+ {[%clk 0:02:46]} 36.
Kg1 {[%clk 0:00:36]} 36... Qxg3+ {[%clk 0:02:57]} 37. Kh1 {[%clk 0:01:00]}
37... Qh3+ {[%clk 0:03:19]} 0-1

[Event "DEM U14 2017"]
[Site "Willingen GER"]
[Date "2017.06.07"]
[Round "6"]
[White "Wagner, Benjamin"]
[Black "Köllner, Ruben Gideon"]
[Result "0-1"]
[Termination "normal"]
[Board "7"]
[WhiteElo "1991"]
[BlackElo "2104"]
[WhiteClock "00:02:08"]
[BlackClock "00:10:02"]
[PlyCount "72"]
[WhiteFideId "12957330"]
[BlackFideId "12993093"]
[EventCountry "GER"]
[EventRounds "9"]
[EventType "swiss"]
[EventDate "2017.06.03"]

1. e4 {[%clk 1:30:58]} 1... c5 {[%clk 1:30:56]} 2. Nf3 {[%clk 1:31:25]} 2... e6
{[%clk 1:31:22]} 3. d4 {[%clk 1:31:53]} 3... cxd4 {[%clk 1:31:48]} 4. Nxd4 {
[%clk 1:32:19]} 4... Nc6 {[%clk 1:32:06]} 5. Nc3 {[%clk 1:30:42]} 5... Qc7 {
[%clk 1:32:28]} 6. Be3 {[%clk 1:30:19]} 6... a6 {[%clk 1:32:47]} 7. Qd2 { [%clk
1:29:49]} 7... Nf6 {[%clk 1:32:38]} 8. O-O-O {[%clk 1:29:50]} 8... b5 { [%clk
1:29:40]} 9. f3 {[%clk 1:15:47]} 9... Ne5 {[%clk 1:29:25]} 10. Bf4 { [%clk
1:07:01]} 10... d6 {[%clk 1:09:30]} 11. Bxe5 {[%clk 0:43:29]} 11... dxe5 {[%clk
1:09:42]} 12. Ndxb5 {[%clk 0:37:23]} 12... axb5 {[%clk 1:09:11]} 13. Nxb5
{[%clk 0:37:48]} 13... Qb6 {[%clk 1:01:57]} 14. Qc3 {[%clk 0:36:37]} 14... Bc5
{[%clk 0:59:09]} 15. Kb1 {[%clk 0:32:50]} 15... O-O {[%clk 0:58:29]} 16. Qxe5
{[%clk 0:28:00]} 16... Bd7 {[%clk 0:48:58]} 17. c4 {[%clk 0:27:12]} 17... Rfd8
{[%clk 0:42:22]} 18. Be2 {[%clk 0:26:21]} 18... Bxb5 {[%clk 0:39:14]} 19. cxb5
{[%clk 0:26:42]} 19... Bd4 {[%clk 0:38:08]} 20. Qg5 {[%clk 0:24:33]} 20... Qa5
{[%clk 0:36:57]} 21. a3 {[%clk 0:23:09]} 21... Bxb2 {[%clk 0:33:01]} 22. Rxd8+
{[%clk 0:15:37]} 22... Rxd8 {[%clk 0:33:20]} 23. Kxb2 {[%clk 0:10:13]} 23...
Rd2+ {[%clk 0:33:12]} 24. Kb3 {[%clk 0:10:38]} 24... Rxe2 {[%clk 0:33:07] } 25.
Qc5 {[%clk 0:09:30]} 25... h6 {[%clk 0:32:25]} 26. Qb4 {[%clk 0:08:15]} 26...
Qc7 {[%clk 0:26:45]} 27. Qc3 {[%clk 0:06:47]} 27... Qb6 {[%clk 0:25:18]} 28.
Kb4 {[%clk 0:05:24]} 28... Qf2 {[%clk 0:21:54]} 29. Rb1 {[%clk 0:04:57]} 29...
Rc2 {[%clk 0:21:40]} 30. Qd3 {[%clk 0:05:18]} 30... Rd2 {[%clk 0:11:49]} 31.
Qc3 {[%clk 0:04:44]} 31... Nd7 {[%clk 0:11:08]} 32. a4 {[%clk 0:04:46]} 32...
Rc2 {[%clk 0:10:29]} 33. Qd3 {[%clk 0:03:59]} 33... Ne5 {[%clk 0:09:31]} 34.
Qd8+ {[%clk 0:03:26]} 34... Kh7 {[%clk 0:09:55]} 35. Rb3 {[%clk 0:01:41]} 35...
Qc5+ {[%clk 0:09:51]} 36. Ka5 {[%clk 0:02:08]} 36... Nc6+ {[%clk 0:10:02] } 0-1

[Event "DEM U14 2017"]
[Site "Willingen GER"]
[Date "2017.06.07"]
[Round "6"]
[White "Yankelevich, Michael"]
[Black "Weishäutel, Moritz"]
[Result "1-0"]
[Termination "normal"]
[Board "8"]
[WhiteElo "1886"]
[BlackElo "2102"]
[WhiteClock "00:53:33"]
[BlackClock "00:11:57"]
[PlyCount "101"]
[WhiteFideId "12921440"]
[BlackFideId "12967300"]
[EventCountry "GER"]
[EventRounds "9"]
[EventType "swiss"]
[EventDate "2017.06.03"]

1. d4 {[%clk 1:30:58]} 1... d5 {[%clk 1:30:49]} 2. c4 {[%clk 1:31:19]} 2... e6
{[%clk 1:31:11]} 3. cxd5 {[%clk 1:31:37]} 3... exd5 {[%clk 1:31:35]} 4. Nc3 {
[%clk 1:31:54]} 4... Nf6 {[%clk 1:31:49]} 5. Nf3 {[%clk 1:32:04]} 5... Be7 {
[%clk 1:31:01]} 6. Bg5 {[%clk 1:31:37]} 6... O-O {[%clk 1:31:12]} 7. Qc2 {
[%clk 1:30:42]} 7... c6 {[%clk 1:30:35]} 8. e3 {[%clk 1:28:33]} 8... Nbd7 {
[%clk 1:28:51]} 9. Bd3 {[%clk 1:23:19]} 9... Re8 {[%clk 1:29:04]} 10. h3 {
[%clk 1:22:36]} 10... Nf8 11. g4 {[%clk 1:22:30]} 11... a5 {[%clk 1:14:53]} 12.
O-O-O {[%clk 1:20:16]} 12... b5 {[%clk 1:13:10]} 13. Kb1 {[%clk 1:20:05]} 13...
a4 {[%clk 1:12:30]} 14. Bf4 {[%clk 1:18:49]} 14... Qa5 {[%clk 1:04:47]} 15. Ne5
{[%clk 1:17:18]} 15... Bb7 {[%clk 1:03:18]} 16. g5 {[%clk 1:17:39]} 16... Nh5 {
[%clk 1:00:00]} 17. Bxh7+ {[%clk 1:17:56]} 17... Nxh7 {[%clk 0:59:33]} 18. g6 {
[%clk 1:18:17]} 18... Ng5 {[%clk 0:56:53]} 19. gxf7+ {[%clk 1:17:41]} 19...
Nxf7 {[%clk 0:57:15]} 20. Qg6 {[%clk 1:17:38]} 20... Nxe5 {[%clk 0:56:19]} 21.
Bxe5 {[%clk 1:17:46]} 21... Bf6 {[%clk 0:54:51]} 22. Bxf6 {[%clk 1:17:03]}
22... Nxf6 {[%clk 0:55:10]} 23. Rhg1 {[%clk 1:17:04]} 23... Re7 {[%clk 0:50:08]
} 24. Qxf6 {[%clk 1:17:20]} 24... Rf7 {[%clk 0:50:35]} 25. Qe6 {[%clk 1:11:59]}
25... a3 {[%clk 0:40:49]} 26. Rg5 {[%clk 1:06:31]} 26... Qb4 {[%clk 0:38:04]}
27. Rd2 {[%clk 1:03:26]} 27... axb2 {[%clk 0:37:20]} 28. Rc2 {[%clk 1:03:11]}
28... Raf8 {[%clk 0:32:05]} 29. f3 {[%clk 1:00:19]} 29... Bc8 {[%clk 0:29:19]}
30. Qxc6 {[%clk 1:00:35]} 30... Bf5 {[%clk 0:29:04]} 31. Rxf5 {[%clk 0:59:13]}
31... Rxf5 {[%clk 0:29:28]} 32. Nxd5 {[%clk 0:59:23]} 32... Qa3 {[%clk 0:23:45]
} 33. Qe6+ {[%clk 0:58:37]} 33... R5f7 {[%clk 0:19:14]} 34. Rc3 {[%clk 0:57:52]
} 34... Qa5 {[%clk 0:17:29]} 35. Ne7+ {[%clk 0:56:52]} 35... Kh8 { [%clk
0:17:51]} 36. Ng6+ {[%clk 0:56:06]} 36... Kg8 {[%clk 0:18:18]} 37. Qb3 { [%clk
0:55:38]} 37... b4 {[%clk 0:10:34]} 38. Rc5 {[%clk 0:55:34]} 38... Qa3 { [%clk
0:10:22]} 39. Nxf8 {[%clk 0:55:32]} 39... Qxb3 {[%clk 0:10:21]} 40. axb3 {[%clk
0:55:54]} 40... Rxf3 {[%clk 0:10:10]} 41. Nd7 {[%clk 0:55:05]} 41... Rxe3
{[%clk 0:10:17]} 42. Kxb2 {[%clk 0:55:19]} 42... Kf7 {[%clk 0:10:31]} 43. Rc4
{[%clk 0:55:14]} 43... Ke6 {[%clk 0:10:39]} 44. Nb6 {[%clk 0:55:07]} 44... Rxh3
{[%clk 0:10:31]} 45. Rxb4 {[%clk 0:55:19]} 45... Kd6 {[%clk 0:10:38]} 46. Rc4
{[%clk 0:55:03]} 46... g5 {[%clk 0:10:58]} 47. d5 {[%clk 0:54:33]} 47... Rh4
{[%clk 0:10:50]} 48. Rc6+ {[%clk 0:52:42]} 48... Ke5 {[%clk 0:11:13]} 49. d6
{[%clk 0:53:01]} 49... Rd4 {[%clk 0:11:30]} 50. d7 {[%clk 0:53:17]} 50... g4
{[%clk 0:11:57]} 51. Rc8 {[%clk 0:53:33]} 1-0

[Event "DEM U14 2017"]
[Site "Willingen GER"]
[Date "2017.06.07"]
[Round "6"]
[White "Lieberwirth, Kasimir"]
[Black "Bosselmann, Tom Linus"]
[Result "1/2-1/2"]
[Termination "normal"]
[Board "9"]
[WhiteElo "2009"]
[BlackElo "1930"]
[WhiteClock "00:00:59"]
[BlackClock "00:38:29"]
[PlyCount "132"]
[WhiteFideId "12988146"]
[BlackFideId "12983845"]
[EventCountry "GER"]
[EventRounds "9"]
[EventType "swiss"]
[EventDate "2017.06.03"]

1. e4 {[%clk 1:30:58]} 1... c6 {[%clk 1:30:49]} 2. Nc3 {[%clk 1:31:16]} 2... d5
{[%clk 1:31:02]} 3. Nf3 {[%clk 1:31:34]} 3... dxe4 {[%clk 1:31:01]} 4. Nxe4 {
[%clk 1:32:01]} 4... Bf5 {[%clk 1:30:47]} 5. Ng3 {[%clk 1:32:13]} 5... Bg4 {
[%clk 1:30:59]} 6. Be2 {[%clk 1:31:09]} 6... e6 {[%clk 1:30:42]} 7. O-O { [%clk
1:30:50]} 7... Nf6 {[%clk 1:30:51]} 8. h3 {[%clk 1:30:23]} 8... Bxf3 { [%clk
1:31:10]} 9. Bxf3 {[%clk 1:30:50]} 9... Nbd7 {[%clk 1:30:46]} 10. d4 { [%clk
1:30:47]} 10... Bd6 {[%clk 1:30:28]} 11. c4 {[%clk 1:28:21]} 11... Qc7 { [%clk
1:27:20]} 12. d5 {[%clk 1:19:41]} 12... O-O {[%clk 1:23:16]} 13. dxe6 { [%clk
1:12:41]} 13... fxe6 {[%clk 1:23:44]} 14. Ne4 {[%clk 1:10:41]} 14... Nxe4
{[%clk 1:22:38]} 15. Bxe4 {[%clk 1:11:07]} 15... Nf6 {[%clk 1:22:53]} 16. Bc2 {
[%clk 1:10:39]} 16... Rad8 {[%clk 1:21:43]} 17. Qe2 {[%clk 1:07:52]} 17... Rfe8
{[%clk 1:19:19]} 18. b3 {[%clk 1:05:20]} 18... Be5 {[%clk 1:18:42]} 19. Rb1 {
[%clk 1:04:07]} 19... Bd4 {[%clk 1:18:36]} 20. Bg5 {[%clk 1:01:08]} 20... Qe5 {
[%clk 1:15:10]} 21. Qxe5 {[%clk 0:59:17]} 21... Bxe5 {[%clk 1:15:15]} 22. Rbd1
{[%clk 0:56:51]} 22... Bd4 {[%clk 1:12:04]} 23. Rfe1 {[%clk 0:49:07]} 23... e5
{[%clk 1:09:35]} 24. Be3 {[%clk 0:42:51]} 24... c5 {[%clk 1:06:17]} 25. a3 {
[%clk 0:31:02]} 25... a5 {[%clk 1:03:53]} 26. Bd2 {[%clk 0:29:32]} 26... b6 {
[%clk 1:03:30]} 27. g3 {[%clk 0:26:11]} 27... Kf7 {[%clk 1:00:53]} 28. Kf1 {
[%clk 0:25:53]} 28... Re7 {[%clk 1:00:10]} 29. f4 {[%clk 0:21:30]} 29... e4 {
[%clk 0:56:11]} 30. Be3 {[%clk 0:20:10]} 30... Red7 {[%clk 0:52:43]} 31. Ke2 {
[%clk 0:14:35]} 31... h5 {[%clk 0:49:47]} 32. Rg1 {[%clk 0:13:06]} 32... Re7 {
[%clk 0:44:09]} 33. a4 {[%clk 0:12:50]} 33... Rdd7 {[%clk 0:43:14]} 34. Rd2 {
[%clk 0:10:08]} 34... Bxe3 {[%clk 0:36:58]} 35. Kxe3 {[%clk 0:10:08]} 35...
Rxd2 {[%clk 0:36:14]} 36. Kxd2 {[%clk 0:10:33]} 36... e3+ {[%clk 0:35:56]} 37.
Ke2 {[%clk 0:10:29]} 37... Nd7 {[%clk 0:35:12]} 38. Rd1 {[%clk 0:09:19]} 38...
Nb8 {[%clk 0:30:44]} 39. Rd6 {[%clk 0:08:21]} 39... Re6 {[%clk 0:29:56]} 40.
Rxe6 {[%clk 0:07:41]} 40... Kxe6 {[%clk 0:30:24]} 41. Kxe3 {[%clk 0:07:24]}
41... Nc6 {[%clk 0:29:58]} 42. Ke4 {[%clk 0:05:57]} 42... Nd4 {[%clk 0:28:19]}
43. Bd1 {[%clk 0:04:45]} 43... g6 {[%clk 0:27:59]} 44. g4 {[%clk 0:03:47]}
44... h4 {[%clk 0:26:43]} 45. Ke3 {[%clk 0:22:37]} 45... Ke7 {[%clk 0:55:28]}
46. Kf2 {[%clk 0:22:00]} 46... Kf7 {[%clk 0:55:16]} 47. Ke3 {[%clk 0:21:33]}
47... Ke7 {[%clk 0:55:34]} 48. Kd3 {[%clk 0:21:56]} 48... Kf7 {[%clk 0:55:40]}
49. Ke4 {[%clk 0:21:02]} 49... Ke6 {[%clk 0:55:44]} 50. f5+ {[%clk 0:13:11]}
50... gxf5+ {[%clk 0:55:52]} 51. gxf5+ {[%clk 0:13:09]} 51... Kf6 { [%clk
0:55:23]} 52. Kd5 {[%clk 0:11:18]} 52... Kxf5 {[%clk 0:48:09]} 53. Kd6 { [%clk
0:11:35]} 53... Kf4 {[%clk 0:48:12]} 54. Kc7 {[%clk 0:11:28]} 54... Kg3 { [%clk
0:47:45]} 55. Kxb6 {[%clk 0:02:35]} 55... Kxh3 {[%clk 0:48:03]} 56. Kxc5 {[%clk
0:02:56]} 56... Ne6+ {[%clk 0:46:12]} 57. Kd6 {[%clk 0:03:01]} 57... Ng5 {[%clk
0:45:52]} 58. Bc2 {[%clk 0:02:28]} 58... Kg4 {[%clk 0:45:42]} 59. Ke5 { [%clk
0:02:18]} 59... Nf3+ {[%clk 0:42:23]} 60. Kf6 {[%clk 0:02:18]} 60... Nd4 {[%clk
0:41:56]} 61. Be4 {[%clk 0:01:58]} 61... Kf4 {[%clk 0:41:37]} 62. Bh1 { [%clk
0:01:28]} 62... Nxb3 {[%clk 0:41:39]} 63. Ke6 {[%clk 0:00:53]} 63... Nc5+
{[%clk 0:41:46]} 64. Kd6 {[%clk 0:00:43]} 64... Nxa4 {[%clk 0:38:33]} 65. c5 {
[%clk 0:00:50]} 65... Nc3 {[%clk 0:38:29]} 66. c6 {[%clk 0:00:59]} 66... Nb5+
1/2-1/2

[Event "DEM U14 2017"]
[Site "Willingen GER"]
[Date "2017.06.07"]
[Round "6"]
[White "Kotyk, Michael"]
[Black "Woelk, Tom-Frederic"]
[Result "1/2-1/2"]
[Termination "normal"]
[Board "10"]
[WhiteElo "1927"]
[BlackElo "2033"]
[WhiteClock "00:09:02"]
[BlackClock "00:02:51"]
[PlyCount "158"]
[WhiteFideId "16214501"]
[BlackFideId "12993077"]
[EventCountry "GER"]
[EventRounds "9"]
[EventType "swiss"]
[EventDate "2017.06.03"]

1. d4 {[%clk 1:31:00]} 1... Nf6 {[%clk 1:30:57]} 2. c4 {[%clk 1:31:26]} 2... c5
{[%clk 1:31:25]} 3. d5 {[%clk 1:31:51]} 3... e6 {[%clk 1:31:50]} 4. Nc3 { [%clk
1:32:17]} 4... exd5 {[%clk 1:32:17]} 5. cxd5 {[%clk 1:32:43]} 5... d6 { [%clk
1:32:41]} 6. Bf4 {[%clk 1:33:04]} 6... g6 7. h3 {[%clk 1:26:52]} 7... a6 {[%clk
1:19:17]} 8. a4 {[%clk 1:27:15]} 8... Bg7 {[%clk 1:19:37]} 9. e3 { [%clk
1:27:28]} 9... O-O {[%clk 1:17:32]} 10. Nf3 {[%clk 1:27:30]} 10... Re8 { [%clk
1:10:24]} 11. Be2 {[%clk 1:27:34]} 11... Qc7 {[%clk 0:57:23]} 12. O-O { [%clk
1:27:46]} 12... Nbd7 {[%clk 0:57:17]} 13. Qc2 {[%clk 1:27:10]} 13... Rb8 {[%clk
0:53:31]} 14. a5 {[%clk 1:27:18]} 14... b5 {[%clk 0:41:10]} 15. axb6 { [%clk
1:27:39]} 15... Qxb6 {[%clk 0:41:24]} 16. Rfb1 {[%clk 1:11:50]} 16... Bb7
{[%clk 0:27:51]} 17. e4 {[%clk 1:11:58]} 17... Nh5 {[%clk 0:24:13]} 18. Bh2 {
[%clk 1:11:54]} 18... Ne5 {[%clk 0:21:59]} 19. Nxe5 {[%clk 1:10:58]} 19... Bxe5
{[%clk 0:22:20]} 20. Bxh5 {[%clk 1:11:17]} 20... Bxh2+ {[%clk 0:22:33]} 21.
Kxh2 {[%clk 1:11:45]} 21... gxh5 {[%clk 0:22:56]} 22. Qd2 {[%clk 1:10:07]}
22... Qd8 {[%clk 0:18:41]} 23. Qh6 {[%clk 1:09:56]} 23... h4 {[%clk 0:18:45]}
24. Ra4 {[%clk 1:09:57]} 24... Qe7 {[%clk 0:18:06]} 25. Re1 {[%clk 1:07:06]}
25... Kh8 {[%clk 0:17:14]} 26. e5 {[%clk 0:38:38]} 26... dxe5 {[%clk 0:17:06]}
27. f4 {[%clk 0:38:45]} 27... f6 {[%clk 0:12:50]} 28. Qxh4 {[%clk 0:35:33]}
28... Rbd8 {[%clk 0:10:35]} 29. Ne4 {[%clk 0:32:32]} 29... Rxd5 {[%clk 0:08:35]
} 30. Qxf6+ {[%clk 0:32:25]} 30... Qxf6 {[%clk 0:08:47]} 31. Nxf6 { [%clk
0:32:49]} 31... Rd2 {[%clk 0:08:42]} 32. Rg1 {[%clk 0:31:05]} 32... Re7 { [%clk
0:08:41]} 33. fxe5 {[%clk 0:31:24]} 33... Rxb2 {[%clk 0:07:08]} 34. Rg4 { [%clk
0:30:48]} 34... Rg7 {[%clk 0:07:29]} 35. Kg3 {[%clk 0:26:56]} 35... Re2 { [%clk
0:05:41]} 36. Kf4 {[%clk 0:21:34]} 36... Rxg4+ {[%clk 0:04:36]} 37. hxg4 {[%clk
0:21:46]} 37... Kg7 {[%clk 0:02:26]} 38. Rd1 {[%clk 0:21:12]} 38... Bc8 {[%clk
0:02:02]} 39. Rc1 {[%clk 0:15:58]} 39... Rxg2 {[%clk 0:01:18]} 40. Rxc5 {[%clk
0:16:14]} 40... Be6 {[%clk 0:01:20]} 41. Rc7+ {[%clk 0:15:21]} 41... Kg6 {[%clk
0:23:54]} 42. Rc6 {[%clk 0:46:04]} 42... Bb3 {[%clk 0:22:34]} 43. Ne4+ { [%clk
0:43:53]} 43... Kg7 {[%clk 0:19:44]} 44. Rxa6 {[%clk 0:43:48]} 44... Bc2 {[%clk
0:17:33]} 45. Nf6 {[%clk 0:40:22]} 45... Bd1 {[%clk 0:13:40]} 46. Rd6 { [%clk
0:38:04]} 46... Bb3 {[%clk 0:07:55]} 47. Rd7+ {[%clk 0:36:23]} 47... Bf7 {[%clk
0:07:39]} 48. Nxh7 {[%clk 0:32:33]} 48... Kxh7 {[%clk 0:07:49]} 49. Rxf7+
{[%clk 0:32:37]} 49... Kg6 {[%clk 0:08:15]} 50. Rf6+ {[%clk 0:32:58]} 50... Kg7
51. Ra6 {[%clk 0:32:35]} 51... Re2 {[%clk 0:03:59]} 52. Kf5 { [%clk 0:32:00]}
52... Rf2+ {[%clk 0:03:52]} 53. Kg5 {[%clk 0:31:52]} 53... Re2 {[%clk 0:03:41]}
54. Ra7+ {[%clk 0:32:10]} 54... Kf8 {[%clk 0:03:56]} 55. Kf6 { [%clk 0:31:57]}
55... Rf2+ {[%clk 0:04:21]} 56. Kg6 {[%clk 0:29:00]} 56... Re2 {[%clk 0:03:59]}
57. Rf7+ {[%clk 0:28:44]} 57... Ke8 {[%clk 0:04:07]} 58. Rf5 { [%clk 0:28:57]}
58... Ke7 {[%clk 0:04:24]} 59. Kh7 {[%clk 0:25:31]} 59... Ke6 { [%clk 0:04:09]}
60. Rh5 {[%clk 0:25:47]} 60... Ra2 {[%clk 0:04:09]} 61. Rg5 { [%clk 0:23:08]}
61... Rg2 {[%clk 0:02:21]} 62. Kg7 {[%clk 0:21:33]} 62... Rg1 { [%clk 0:02:41]}
63. Kf8 {[%clk 0:20:58]} 63... Rf1+ {[%clk 0:02:31]} 64. Ke8 { [%clk 0:20:14]}
64... Rg1 {[%clk 0:02:29]} 65. Kf8 {[%clk 0:18:31]} 65... Rg3 { [%clk 0:01:50]}
66. Kg7 {[%clk 0:18:35]} 66... Rg2 {[%clk 0:02:15]} 67. Kh6 { [%clk 0:17:55]}
67... Rg1 {[%clk 0:02:20]} 68. Rg8 {[%clk 0:17:04]} 68... Kxe5 {[%clk 0:02:21]}
69. g5 {[%clk 0:17:14]} 69... Rh1+ {[%clk 0:02:31]} 70. Kg7 { [%clk 0:17:35]}
70... Kf5 {[%clk 0:02:07]} 71. g6 {[%clk 0:17:36]} 71... Ra1 { [%clk 0:01:34]}
72. Rf8+ {[%clk 0:17:51]} 72... Kg5 {[%clk 0:01:49]} 73. Kh7 { [%clk 0:16:44]}
73... Rh1+ {[%clk 0:02:04]} 74. Kg7 {[%clk 0:17:02]} 74... Ra1 {[%clk 0:02:28]}
75. Rg8 {[%clk 0:15:28]} 75... Ra2 {[%clk 0:01:38]} 76. Kh8 { [%clk 0:08:17]}
76... Rh2+ {[%clk 0:02:01]} 77. Kg7 {[%clk 0:08:39]} 77... Ra2 {[%clk 0:02:27]}
78. Rf8 {[%clk 0:08:49]} 78... Ra7+ {[%clk 0:02:24]} 79. Rf7 { [%clk 0:09:02]}
79... Ra6 {[%clk 0:02:51]} 1/2-1/2

[Event "DEM U14 2017"]
[Site "Willingen GER"]
[Date "2017.06.07"]
[Round "6"]
[White "Trifan, Andrei Ioan"]
[Black "Fidlin, Simon"]
[Result "1/2-1/2"]
[Termination "normal"]
[Board "11"]
[WhiteElo "2176"]
[BlackElo "1841"]
[WhiteClock "00:02:11"]
[BlackClock "00:09:43"]
[PlyCount "83"]
[WhiteFideId "12967068"]
[BlackFideId "16217535"]
[EventCountry "GER"]
[EventRounds "9"]
[EventType "swiss"]
[EventDate "2017.06.03"]

1. e4 {[%clk 1:30:57]} 1... c5 {[%clk 1:30:53]} 2. Nf3 {[%clk 1:31:21]} 2... a6
{[%clk 1:31:18]} 3. c4 {[%clk 1:31:40]} 3... b6 {[%clk 1:31:41]} 4. Nc3 { [%clk
1:31:30]} 4... e6 {[%clk 1:31:46]} 5. d4 {[%clk 1:31:12]} 5... cxd4 { [%clk
1:32:06]} 6. Nxd4 {[%clk 1:31:25]} 6... Bb7 {[%clk 1:32:24]} 7. Be2 { [%clk
1:30:48]} 7... Qc7 {[%clk 1:32:38]} 8. O-O {[%clk 1:26:41]} 8... Nf6 { [%clk
1:32:55]} 9. f3 {[%clk 1:26:30]} 9... h5 {[%clk 1:31:56]} 10. Kh1 { [%clk
1:22:37]} 10... Nc6 {[%clk 1:30:05]} 11. Be3 {[%clk 1:20:34]} 11... Nxd4 {[%clk
1:28:20]} 12. Qxd4 {[%clk 1:06:25]} 12... Bc5 {[%clk 1:28:26]} 13. Qd2 { [%clk
1:04:58]} 13... h4 {[%clk 1:05:56]} 14. Bxc5 {[%clk 0:50:59]} 14... bxc5 {[%clk
1:03:42]} 15. Rfd1 {[%clk 0:46:33]} 15... Nh5 {[%clk 0:53:22]} 16. e5 { [%clk
0:39:55]} 16... Qd8 {[%clk 0:36:29]} 17. Kg1 {[%clk 0:34:36]} 17... Rc8 { [%clk
0:30:02]} 18. f4 {[%clk 0:27:03]} 18... Bc6 {[%clk 0:25:16]} 19. Qe3 { [%clk
0:24:11]} 19... g6 {[%clk 0:23:42]} 20. Bf3 {[%clk 0:21:56]} 20... Ng7 { [%clk
0:21:51]} 21. Bxc6 {[%clk 0:21:48]} 21... Rxc6 {[%clk 0:22:11]} 22. Ne4 { [%clk
0:21:56]} 22... Nf5 {[%clk 0:22:21]} 23. Qf2 {[%clk 0:20:59]} 23... Qc7 { [%clk
0:21:19]} 24. Nf6+ {[%clk 0:19:30]} 24... Kf8 {[%clk 0:21:10]} 25. Rxd7 { [%clk
0:18:53]} 25... Qc8 {[%clk 0:21:17]} 26. Rad1 {[%clk 0:16:22]} 26... Kg7 {[%clk
0:21:34]} 27. Qd2 {[%clk 0:16:39]} 27... Rb6 {[%clk 0:20:57]} 28. a3 { [%clk
0:14:34]} 28... Rb3 {[%clk 0:20:22]} 29. Qa5 {[%clk 0:13:02]} 29... Rxb2 {[%clk
0:20:00]} 30. Rd8 {[%clk 0:06:07]} 30... Qb7 {[%clk 0:15:04]} 31. R1d2 { [%clk
0:06:02]} 31... Rxd2 {[%clk 0:13:06]} 32. Qxd2 {[%clk 0:06:04]} 32... Nd4
{[%clk 0:12:00]} 33. Rxh8 {[%clk 0:05:23]} 33... Kxh8 {[%clk 0:11:36]} 34. Qe1
{[%clk 0:05:02]} 34... Nf5 {[%clk 0:10:59]} 35. Qd1 {[%clk 0:04:45]} 35...
Qxg2+ {[%clk 0:10:30]} 36. Kxg2 36... Ne3+ {[%clk 0:10:55]} 37. Kh3 { [%clk
0:03:44]} 37... Nxd1 {[%clk 0:11:18]} 38. Ne4 {[%clk 0:03:43]} 38... Ne3 {[%clk
0:11:17]} 39. Nxc5 {[%clk 0:04:06]} 39... Nxc4 {[%clk 0:11:41]} 40. a4 { [%clk
0:02:41]} 40... a5 {[%clk 0:10:13]} 41. Kxh4 {[%clk 0:02:48]} 41... Kg7 { [%clk
0:09:43]} 42. Kg3 {[%clk 0:02:11]} 1/2-1/2